00527nai a2200157Ia 4500003000900000008004100009022002200050022002300072040001600095245003100111260003400142310001400176362002600190521006900216856008400285IN-BaIIA211028c9999 xx s 000 0 eng d a0173-9565 (Print) a1439-0485 (Online) cIIA Library 0aMarine Ecologyh[eJournal] aNew JerseybJohn Wiley & Sons aBimonthly a17(1); 1996 - Present bSubscribed through National Knowledge Resource Consortium (NKRC) uhttps://onlinelibrary.wiley.com/journal/14390485yClick Here to Access eJournal